| 000 | 01231nam a2200373 c 4500 | ||
|---|---|---|---|
| 999 |
_c51262 _d51262 |
||
| 001 | 51262 | ||
| 003 | ES-MaCES | ||
| 005 | 20190603141113.0 | ||
| 008 | 190603s2019 sp 000 | spa d | ||
| 017 |
_aV 824-2019 _bDL |
||
| 020 | _a9788413135090 | ||
| 040 |
_aES-MaCES _bspa _cES-MaCES |
||
| 100 | 1 |
_aLópez Gandía, Juan _916894 |
|
| 245 | 1 | 0 |
_aCurso de prevención de riesgos laborales _cJuan López Gandía, José Francisco Blasco Lahoz |
| 250 | _a20ª ed | ||
| 260 |
_aValencia _bTirant lo Blanch _c2019 |
||
| 300 |
_a378 p. _c24 cm |
||
| 490 | 1 | _aManuales | |
| 504 | _aBiblliografía: p. 373-378 | ||
| 541 | _cCompra | ||
| 650 | 4 |
_asalud en el trabajo _928347 |
|
| 650 | 4 |
_aseguridad en el trabajo _928348 |
|
| 650 | 4 |
_alegislación del trabajo _927166 |
|
| 650 | 4 |
_aprocedimiento laboral _930887 |
|
| 650 | 4 |
_aderecho del trabajo _927165 |
|
| 650 | 4 |
_aEspaña _926964 |
|
| 650 | 4 |
_arégimen jurídico _929894 |
|
| 653 | 1 | 0 | _aDerecho del trabajo y Seguridad Social |
| 700 | 1 |
_aBlasco Lahoz, José Francisco _97894 |
|
| 775 | 0 |
_tCurso de prevención de riesgos laborales _w(ES-MaCES)50667 |
|
| 830 | 0 |
_aManuales (Tirant lo Blanch (Firma)) _933478 |
|
| 902 | _aLIB Libro | ||
| 942 |
_2CES _cBK _h6.0.1. |
||